L'équipe type de la Ligue 1 2021-2022 - Statistiques

Statistiques générales
  • Ce quiz a été pris 385 fois
  • Le résultat moyen est 7 sur 11
Statistiques - réponses
Poste Joueur % Correct
Allier gauche Kylian Mbappé
85%
Gardien Gianluigi Donnaruma
83%
Défenseur central droit Marquinhos
83%
Défenseur droit Jonathan Clauss
72%
Défenseur gauche Nuno Mendes
66%
Buteur Wissam Ben Yedder
58%
Défenseur central gauche William Saliba
53%
Milieu de terrain Seko Fofana
47%
Allier droit Martin Terrier
45%
Milieu de terrain Aurélien Tchouaméni
33%
Milieu de terrain Dimitri Payet
32%
Aucun quiz correspondant
Distribution des résultats
% des personnes avec chaque résultat
Percentile par nombre de réponses
Votre historique - résultats
Vous n’avez pas pris ce quiz